Presidentialism in the Southern Cone <a> framework for analysis

Saved in:
Bibliographic Details
Main Author: Malamud, Andrés
Format: Book
Language:English
Published: San Domenico (FI) European University Institute 2001
Series:EUI Working paper SPS No. 2001/1
Subjects:
Tags: Add Tag
No Tags, Be the first to tag this record!

MARC

LEADER 00000nam a2200000 4500
001 c133307
005 20221124104748.4
041 0 |a eng 
044 |a IT 
245 1 0 |a Presidentialism in the Southern Cone  |b <a> framework for analysis  |c Andrés Malamud 
264 1 |a San Domenico (FI)  |b European University Institute  |c 2001 
300 |a 33 s. 
490 1 |a EUI Working paper SPS  |v No. 2001/1 
830 0 |a EUI Working paper SPS  |v No. 2001/1 
610 2 0 |a prezidenti 
610 2 0 |a systémy politické 
610 2 0 |a parlamenty 
610 2 0 |a analýzy 
610 2 0 |a štúdie 
610 2 0 |a Latinská Amerika 
100 1 |a Malamud, Andrés